000 00359nam a2200157Ia 4500
003 OSt
005 20240207111208.0
008 170523s9999 xx 000 0 und d
020 _a978-8180549199
040 _ciimt university meerut
100 _aGHOSH- PK
245 0 _aBUSINESS POLICY
260 _bSULTAN CHAND SONS
260 _c1999
942 _2ddc
_c02
999 _c373
_d373